Pushing the boundaries of South Asian history : (Record no. 1309147)

MARC details
000 -LEADER
fixed length control field 00602nam a22002057a 4500
005 - DATE AND TIME OF LATEST TRANSACTION
control field 20250529144852.0
008 - FIXED-LENGTH DATA ELEMENTS--GENERAL INFORMATION
fixed length control field 250418b |||||||| |||| 00| 0 eng d
020 ## - INTERNATIONAL STANDARD BOOK NUMBER
International Standard Book Number 9789358526684
040 ## - CATALOGING SOURCE
Original cataloging agency SDCL
Transcribing agency SDCL
041 ## - LANGUAGE CODE
Source of code eng
Language code of text/sound track or separate title eng
084 ## - COLON CLASSIFICATION NUMBER
Classification number V43'P R4
245 ## - TITLE STATEMENT
Title Pushing the boundaries of South Asian history :
Remainder of title Essays in honour of Dwijendra Narayan Jha
260 ## - PUBLICATION, DISTRIBUTION, ETC.
Place of publication, distribution, etc. Delhi :
Name of publisher, distributor, etc. Primus Books,
Date of publication, distribution, etc. 2024.
300 ## - PHYSICAL DESCRIPTION
Extent xlix,553p.
650 ## - SUBJECT ADDED ENTRY--TOPICAL TERM
Source of heading or term History
700 ## - ADDED ENTRY--PERSONAL NAME
Personal name Tyagi, Jaya S.
9 (RLIN) 752433
700 ## - ADDED ENTRY--PERSONAL NAME
Personal name Husain, Jafri Saiyid Zaheer
9 (RLIN) 811048
700 ## - ADDED ENTRY--PERSONAL NAME
Personal name Farooqui, Amar
942 ## - ADDED ENTRY ELEMENTS (KOHA)
Source of classification or shelving scheme Colon Classification (CC)
Koha item type Textual
Suppress in OPAC No
Holdings
Withdrawn status Lost status Source of classification or shelving scheme Damaged status Not for loan Home library Current library Date acquired Source of acquisition Inventory number Total Checkouts Full call number Barcode Date last seen Price effective from Koha item type
    Colon Classification (CC)     South Campus Library South Campus Library 2025-04-18 Shivam Book Service 98, 16/12/2024, INR 1650.00   V43'P R4 SC1690686 2025-04-18 2025-04-18 Textual
Copyright @ Delhi University Library System